| 000 | 00829nam a2200205 i 4500 | ||
|---|---|---|---|
| 001 | 190000 | ||
| 003 | ES-MaACL | ||
| 005 | 20230906223619.0 | ||
| 008 | 200304s1975 sp |||| | spa d | ||
| 080 | _a347.9(46)(043.2) | ||
| 100 | 1 |
_aGalán Urbano, Pedro Luis. _9169826 |
|
| 245 | 1 | 4 |
_aLos privilegios del Estado en el proceso civil español / _cpor Pedro Luis Galán Urbano. |
| 260 |
_aBarcelona : _b[Universidad, Facultad de Derecho], _c1975. |
||
| 300 |
_a12 p. ; _c24 cm. |
||
| 502 | _aTesis-Univ. Barcelona (Extracto) | ||
| 594 | _aPrecede al tít.: Universidad de Barcelona. Secretariado de Publicaciones, Intercambio Científico y Extensión Universitaria. | ||
| 650 | 4 |
_aProcedimiento civil- _zEspaña. _916420 |
|
| 710 | 2 |
_aUniversidad de Barcelona. _bFacultad de Derecho. _97147 |
|
| 852 | 4 |
_aES-MaACL _jP-1414-20 |
|
| 999 |
_c190000 _d190000 |
||